[Event "GER-chT Seniors 12th"]
[Site "Finsterbergen"]
[Date "2003.08.14"]
[Round "5.3"]
[White "Hagen, Horst"]
[Black "Gretzer, Otmar"]
[Result "0-1"]
[WhiteElo "2137"]
[BlackElo "2161"]
[PlyCount "53"]
[EventDate "2003.08.10"]
[EventType "team"]
[EventRounds "7"]
[EventCountry "GER"]
[SourceTitle "EXT 2012"]
[Source "ChessBase"]
[SourceDate "2011.11.24"]
[SourceVersion "1"]
[SourceVersionDate "2011.11.24"]
[SourceQuality "1"]
[WhiteTeam "Baden"]
[BlackTeam "Bayern II"]
[WhiteTeamCountry "GER"]
[BlackTeamCountry "GER"]

1. d4 d5 2. c4 c6 3. Nc3 Nf6 4. e3 Bf5 5. Nf3 e6 6. cxd5 cxd5 7. Ne5 Nc6 8. Bb5 Rc8 9. Qa4 Qb6 10. 0-0 Bd6 11. f4 0-0 12. Bd3 Bxe5 13. fxe5 Bxd3 14. Rd1 Bg6 15. exf6 gxf6 16. Rf1 Kg7 17. Qd1 Na5 18. Qf3 Qd8 19. e4 dxe4 20. Qh3 Kg8 21. Be3 Nc4 22. Bf2 Nxb2 23. Ne2 Rc2 24. Bh4 Qd5 25. g4 Rxe2 26. Bxf6 h5 27. Be5 0-1

[Event "Wuerttemberg-ch Seniors 15th"]
[Site "Ellwangen"]
[Date "2003.04.18"]
[Round "8"]
[White "Gretzer, Otmar"]
[Black "Landgraf, Siegfried"]
[Result "0-1"]
[WhiteElo "2057"]
[BlackElo "2082"]
[PlyCount "110"]
[EventDate "2003.04.??"]
[EventType "swiss"]
[EventRounds "9"]
[EventCountry "GER"]
[SourceTitle "EXT 2006"]
[Source "ChessBase"]
[SourceDate "2005.11.24"]
[SourceVersion "1"]
[SourceVersionDate "2005.11.24"]
[SourceQuality "1"]

1. e4 g6 2. d4 Bg7 3. Nc3 c6 4. Nf3 d6 5. Be2 Nf6 6. Bg5 0-0 7. Qd2 Re8 8. 0-0 Qc7 9. Rad1 Nbd7 10. h3 e5 11. dxe5 dxe5 12. Qe3 Nf8 13. Rd2 Ne6 14. Bc4 Nh5 15. Rfd1 Nhf4 16. Ne2 b5 17. Bxe6 Nxe6 18. Bh6 Qb6 19. a3 Qxe3 20. Bxe3 a5 21. Rd6 Bb7 22. Ng5 Bf8 23. Rd7 Bc8 24. R7d2 f6 25. Nf3 a4 26. c3 Nc5 27. Bxc5 Bxc5 28. Rd8 Be6 29. Rxa8 Rxa8 30. Nc1 Bf8 31. Ne1 Kf7 32. Nc2 Bh6 33. Ne3 Ke7 34. Kf1 Bxe3 35. fxe3 Bc4+ 36. Ke1 Rd8 37. Rxd8 Kxd8 38. h4 Ke7 39. Kd2 Kd6 40. g4 h6 41. Ke1 Be6 42. g5 fxg5 43. hxg5 hxg5 44. Kf2 Bc4 45. Kf3 Ke6 46. Kg4 Kf6 47. Kg3 Kg7 48. Kf3 Kh6 49. Kg4 c5 50. Kh3 Kh5 51. Kg3 g4 52. Kh2 Kh4 53. Kg2 g3 54. Kh1 Kg4 55. Kg2 g5 0-1

[Event "Wuerttemberg-ch Seniors 15th"]
[Site "Ellwangen"]
[Date "2003.04.15"]
[Round "5"]
[White "Neumann, Horst"]
[Black "Gretzer, Otmar"]
[Result "0-1"]
[WhiteElo "1927"]
[BlackElo "2057"]
[PlyCount "104"]
[EventDate "2003.04.??"]
[EventType "swiss"]
[EventRounds "9"]
[EventCountry "GER"]
[SourceTitle "EXT 2006"]
[Source "ChessBase"]
[SourceDate "2005.11.24"]
[SourceVersion "1"]
[SourceVersionDate "2005.11.24"]
[SourceQuality "1"]

1. d4 d5 2. Nf3 Nf6 3. Bg5 Bf5 4. Nbd2 e6 5. e3 Be7 6. Be2 c6 7. c3 Nbd7 8. Qb3 Qc8 9. Nh4 Bg6 10. 0-0 0-0 11. Nxg6 hxg6 12. Rac1 b5 13. Rfe1 Bd6 14. f4 Qc7 15. h3 Nb6 16. Bf3 Nh7 17. Bh4 g5 18. Bxg5 Nxg5 19. fxg5 Qe7 20. g6 f5 21. Qd1 Qg5 22. Bh5 Bg3 23. Rf1 Qxe3+ 24. Kh1 Bf4 25. Rc2 Qg3 26. Nf3 Nc4 27. Qe1 Ne3 28. Qxg3 Bxg3 29. Rcc1 Nxf1 30. Rxf1 Rfe8 31. Ng5 e5 32. dxe5 Rxe5 33. Nf3 Re3 34. Nd4 Rf8 35. Kg1 f4 36. Bf3 Kh8 37. Nc2 Re6 38. Nd4 Rxg6 39. Rd1 a6 40. Bg4 Rgf6 41. Rd2 Re8 42. Re2 Rxe2 43. Bxe2 c5 44. Nb3 Rc6 45. Kf1 d4 46. c4 b4 47. Nc1 a5 48. Nd3 a4 49. Ne1 Rc7 50. Bf3 g5 51. Bd5 Kg7 52. Nf3 Re7 0-1

[Event "GER North-ch Seniors 5th"]
[Site "Bad Bevensen"]
[Date "2002.06.28"]
[Round "7"]
[White "Gretzer, Otmar"]
[Black "Schneider, Georg"]
[Result "0-1"]
[WhiteElo "2174"]
[BlackElo "2083"]
[PlyCount "44"]
[EventDate "2002.06.??"]
[EventType "swiss"]
[EventRounds "9"]
[EventCountry "GER"]
[SourceTitle "EXT 2006"]
[Source "ChessBase"]
[SourceDate "2005.11.24"]
[SourceVersion "1"]
[SourceVersionDate "2005.11.24"]
[SourceQuality "1"]

1. e4 c5 2. Nf3 d6 3. d4 cxd4 4. Nxd4 Nf6 5. Nc3 a6 6. Be2 e5 7. Nb3 Be6 8. Bg5 Be7 9. Bxf6 Bxf6 10. Nd5 0-0 11. 0-0 Bg5 12. c4 Nd7 13. Qd3 Nb6 14. Nd2 Nxd5 15. cxd5 Bd7 16. Nc4 Qc7 17. Ne3 Rac8 18. Rfd1 g6 19. Qa3 f5 20. exf5 gxf5 21. Nc4 Rf6 22. Rd3 Qxc4 0-1

[Event "GER North-ch Seniors 5th"]
[Site "Bad Bevensen"]
[Date "2002.06.25"]
[Round "4"]
[White "Bakhmatov, Eduard"]
[Black "Gretzer, Otmar"]
[Result "1-0"]
[WhiteElo "2283"]
[BlackElo "2174"]
[PlyCount "36"]
[EventDate "2002.06.??"]
[EventType "swiss"]
[EventRounds "9"]
[EventCountry "GER"]
[SourceTitle "EXT 2006"]
[Source "ChessBase"]
[SourceDate "2005.11.24"]
[SourceVersion "1"]
[SourceVersionDate "2005.11.24"]
[SourceQuality "1"]

1. e4 c6 2. d4 d5 3. f3 dxe4 4. fxe4 e5 5. Nf3 exd4 6. Bc4 Bc5 7. Ng5 Be6 8. Bxe6 fxe6 9. 0-0 Na6 10. Nxe6 Qe7 11. Rf8+ Qxf8 12. Nxf8 Bxf8 13. Qh5+ Kd8 14. Bg5+ Be7 15. Bxe7+ Nxe7 16. Nd2 c5 17. Rf1 g6 18. Qe5 Kd7 1-0

[Event "Wuerttemberg-ch Seniors 14th"]
[Site "Ellwangen"]
[Date "2002.??.??"]
[Round "1"]
[White "Gretzer, Otmar"]
[Black "Kolb, Walter"]
[Result "1-0"]
[WhiteElo "2071"]
[BlackElo "1615"]
[PlyCount "23"]
[EventDate "2002.03.30"]
[EventType "swiss"]
[EventRounds "9"]
[EventCountry "GER"]
[SourceTitle "EXT 2006"]
[Source "ChessBase"]
[SourceDate "2005.11.24"]
[SourceVersion "1"]
[SourceVersionDate "2005.11.24"]
[SourceQuality "1"]

1. e4 c5 2. Nf3 Nc6 3. d4 cxd4 4. Nxd4 e6 5. Bc4 Qh4 6. Nc3 Bb4 7. 0-0 Bxc3 8. bxc3 Qxe4 9. Nb5 Kd8 10. Qd6 Ke8 11. Nc7+ Kd8 12. Nxa8 1-0

[Event "Mecklenburg VP-ch Seniors 01st"]
[Site "Plau am See"]
[Date "2001.10.12"]
[Round "8"]
[White "Gretzer, Otmar"]
[Black "Braun, Gottfried"]
[Result "1/2-1/2"]
[WhiteElo "2180"]
[BlackElo "2292"]
[PlyCount "113"]
[EventDate "2001.10.??"]
[EventType "swiss"]
[EventRounds "9"]
[EventCountry "GER"]
[SourceTitle "EXT 2006"]
[Source "ChessBase"]
[SourceDate "2005.11.24"]
[SourceVersion "1"]
[SourceVersionDate "2005.11.24"]
[SourceQuality "1"]

1. e4 d6 2. Nf3 Nf6 3. Nc3 e5 4. h3 Be7 5. Bc4 0-0 6. 0-0 Nc6 7. d4 exd4 8. Nxd4 Nxd4 9. Qxd4 Be6 10. Be3 Bxc4 11. Qxc4 c6 12. Rad1 Qc8 13. a4 Qe6 14. Qd3 Nd7 15. f4 f5 16. exf5 Qxf5 17. Qxf5 Rxf5 18. Ne4 d5 19. c4 Nb6 20. Ng3 Rf7 21. Bxb6 axb6 22. cxd5 Bc5+ 23. Kh1 Rxa4 24. dxc6 bxc6 25. Rd8+ Rf8 26. Rxf8+ Kxf8 27. b3 Ra3 28. Rf3 Kf7 29. Ne4 Be7 30. Kg1 c5 31. Kf2 Ra2+ 32. Kg3 h6 33. Rd3 Ra3 34. Nd2 b5 35. Rf3 Ke6 36. Re3+ Kd7 37. Kf3 Bf6 38. Ke4 Kc6 39. g4 Ra7 40. Kf5 Bd4 41. Re8 Rf7+ 42. Ke4 Kb6 43. Nf3 Ka5 44. Nxd4 cxd4 45. Rd8 Kb4 46. Rxd4+ Kxb3 47. Kd3 b4 48. h4 Rc7 49. h5 Rc3+ 50. Ke4 Rc4 51. g5 Rxd4+ 52. Kxd4 Ka3 53. f5 b3 54. f6 gxf6 55. gxh6 b2 56. h7 b1Q 57. h8Q 1/2-1/2

[Event "Mecklenburg VP-ch Seniors 01st"]
[Site "Plau am See"]
[Date "2001.10.11"]
[Round "7"]
[White "Behling, Harald"]
[Black "Gretzer, Otmar"]
[Result "0-1"]
[WhiteElo "1924"]
[BlackElo "2180"]
[PlyCount "104"]
[EventDate "2001.10.??"]
[EventType "swiss"]
[EventRounds "9"]
[EventCountry "GER"]
[SourceTitle "EXT 2006"]
[Source "ChessBase"]
[SourceDate "2005.11.24"]
[SourceVersion "1"]
[SourceVersionDate "2005.11.24"]
[SourceQuality "1"]

1. e3 e5 2. d4 exd4 3. exd4 d5 4. Bd3 Bd6 5. Ne2 Ne7 6. Bg5 0-0 7. Nbc3 c6 8. Qd2 f6 9. Bf4 Bf5 10. 0-0 Bxd3 11. Qxd3 Na6 12. a3 Nc7 13. Rfe1 Re8 14. Qg3 Bxf4 15. Nxf4 Nf5 16. Qg4 Nh6 17. Qg3 Qd6 18. Nh5 Qxg3 19. Rxe8+ Rxe8 20. Nxg3 Ne6 21. Nce2 Nf7 22. f3 Nd6 23. Kf2 f5 24. b3 f4 25. Nf1 g5 26. Nd2 Nf5 27. c3 b5 28. b4 a5 29. Nb3 a4 30. Nd2 Kf7 31. Nc1 Kf6 32. Nd3 Nd8 33. Nf1 Nf7 34. Re1 Re6 35. g3 fxg3+ 36. hxg3 h6 37. Rxe6+ Kxe6 38. g4 N5d6 39. Nd2 Nc8 40. Nf1 Nb6 41. Nd2 Nd6 42. Ne5 Nbc4 43. Ndxc4 bxc4 44. Ke2 Nb5 45. Kd2 Nxa3 46. Nxc6 Nb5 47. Kc2 a3 48. Ne5 a2 49. Kb2 Nxc3 50. Nc6 Kd6 51. Na7 Ne2 52. Kxa2 Nxd4 0-1

[Event "Mecklenburg VP-ch Seniors 01st"]
[Site "Plau am See"]
[Date "2001.10.06"]
[Round "2"]
[White "Gretzer, Otmar"]
[Black "Leschhorn, Heinrich"]
[Result "1-0"]
[WhiteElo "2180"]
[BlackElo "1862"]
[PlyCount "99"]
[EventDate "2001.10.??"]
[EventType "swiss"]
[EventRounds "9"]
[EventCountry "GER"]
[SourceTitle "EXT 2006"]
[Source "ChessBase"]
[SourceDate "2005.11.24"]
[SourceVersion "1"]
[SourceVersionDate "2005.11.24"]
[SourceQuality "1"]

1. e4 Nf6 2. e5 Nd5 3. d4 d6 4. f4 dxe5 5. dxe5 Nc6 6. Nf3 Bg4 7. Be2 e6 8. 0-0 Bc5+ 9. Kh1 Be3 10. c4 Bxc1 11. Qxc1 Nb6 12. Nc3 Qe7 13. Qe3 Rd8 14. Rad1 0-0 15. Ne4 Nd7 16. h3 Bf5 17. Ng3 Qc5 18. Nxf5 exf5 19. Qc3 Nb6 20. a3 a5 21. Kh2 Rxd1 22. Rxd1 Rd8 23. Rxd8+ Nxd8 24. Qd3 Ne6 25. b4 axb4 26. axb4 Qxb4 27. Qxf5 Qe7 28. Qg4 h5 29. Qg3 f5 30. Nh4 Qf7 31. Bd3 Nd4 32. Qg5 Ne6 33. Qg3 Nd4 34. Qe1 c5 35. Qa5 Nd7 36. Qd8+ Nf8 37. Qc8 Nde6 38. g3 g6 39. Bf1 Qc7 40. Nxg6 Qxc8 41. Ne7+ Kf7 42. Nxc8 h4 43. Nd6+ Kg6 44. Bd3 hxg3+ 45. Kxg3 Ng7 46. Nxf5 Nge6 47. Nd6+ Kg7 48. Nxb7 Ng6 49. Bxg6 Kxg6 50. Kg4 1-0

[Event "GER-chT Seniors 10th"]
[Site "Rheda Wiedenbrueck"]
[Date "2001.08.17"]
[Round "6.4"]
[White "Kelchner, Hans"]
[Black "Gretzer, Otmar"]
[Result "1/2-1/2"]
[WhiteElo "2166"]
[BlackElo "2180"]
[PlyCount "60"]
[EventDate "2001.08.12"]
[EventType "team"]
[EventRounds "7"]
[EventCountry "GER"]
[SourceTitle "EXT 2002"]
[Source "ChessBase"]
[SourceDate "2001.11.25"]
[SourceVersion "1"]
[SourceVersionDate "2001.11.25"]
[SourceQuality "1"]
[WhiteTeam "Rheinland Pfalz Seniors"]
[BlackTeam "Bayern Seniors"]
[WhiteTeamCountry "GER"]
[BlackTeamCountry "GER"]

1. d4 d5 2. Nf3 c6 3. e3 Bf5 4. Nh4 Bg6 5. Nxg6 hxg6 6. Nd2 e6 7. Nf3 Nd7 8. Bd3 Ngf6 9. Qe2 Rc8 10. e4 dxe4 11. Bxe4 Nxe4 12. Qxe4 Nf6 13. Qe2 Qd5 14. Bf4 Be7 15. 0-0 0-0 16. Rfe1 Rfd8 17. c4 Qf5 18. Be5 Rd7 19. a3 Rcd8 20. h3 Qh5 21. Rad1 g5 22. Nh2 Qxe2 23. Rxe2 c5 24. Red2 Ne4 25. Re2 Nd6 26. Bxd6 Bxd6 27. Nf3 cxd4 28. Rxd4 Be7 29. Rxd7 Rxd7 30. Rd2 Rc7 1/2-1/2

[Event "GER-chT Seniors 10th"]
[Site "Rheda Wiedenbrueck"]
[Date "2001.08.16"]
[Round "5.4"]
[White "Perk, Egbert"]
[Black "Gretzer, Otmar"]
[Result "0-1"]
[WhiteElo "2063"]
[BlackElo "2180"]
[PlyCount "78"]
[EventDate "2001.08.12"]
[EventType "team"]
[EventRounds "7"]
[EventCountry "GER"]
[SourceTitle "EXT 2002"]
[Source "ChessBase"]
[SourceDate "2001.11.25"]
[SourceVersion "1"]
[SourceVersionDate "2001.11.25"]
[SourceQuality "1"]
[WhiteTeam "Niedersachsen Seniors II"]
[BlackTeam "Bayern Seniors"]
[WhiteTeamCountry "GER"]
[BlackTeamCountry "GER"]

1. d4 d5 2. c4 c6 3. Nf3 Nf6 4. cxd5 cxd5 5. g3 Bf5 6. Bg2 e6 7. 0-0 Nc6 8. Bg5 Qb6 9. Nc3 Qxb2 10. Rc1 Ba3 11. Ne5 Nxe5 12. dxe5 Nd7 13. e4 dxe4 14. Nxe4 Bxe4 15. Bxe4 Qxe5 16. Qa4 Bxc1 17. Bxc1 b5 18. Qc2 Rd8 19. Bb2 Qc5 20. Qe2 0-0 21. Rc1 Qe7 22. Rc7 Qd6 23. Rc6 Qe7 24. Rc7 a6 25. Qc2 f5 26. Bb7 Qb4 27. Bc3 Qg4 28. f3 Qh5 29. Qe2 e5 30. Bd5+ Kh8 31. Be6 Qe8 32. Bb3 Rc8 33. Rxc8 Qxc8 34. Bb2 Qc5+ 35. Kg2 Rc8 36. Kh3 Rc6 37. Kg2 Rd6 38. f4 Qb4 39. Kh3 e4 0-1

[Event "Bad Woerishofen Seniors op 17th"]
[Site "Bad Woerishofen"]
[Date "2001.03.23"]
[Round "9"]
[White "Gretzer, Otmar"]
[Black "Greifzu, Helmut"]
[Result "1/2-1/2"]
[WhiteElo "2186"]
[BlackElo "2048"]
[PlyCount "124"]
[EventDate "2001.03.??"]
[EventType "swiss"]
[EventRounds "9"]
[EventCountry "GER"]
[SourceTitle "EXT 2002"]
[Source "ChessBase"]
[SourceDate "2001.11.25"]
[SourceVersion "1"]
[SourceVersionDate "2001.11.25"]
[SourceQuality "1"]

1. e4 e5 2. Nf3 Nc6 3. d4 exd4 4. Bc4 Nf6 5. 0-0 d6 6. Nxd4 Nxd4 7. Qxd4 Be7 8. Bb3 0-0 9. c4 Nd7 10. Nc3 Bf6 11. Qe3 Re8 12. Re1 Nc5 13. Bc2 a5 14. Bd2 c6 15. Rad1 Qe7 16. Qf3 Be6 17. b3 Qf8 18. Ne2 Red8 19. Nf4 Qe7 20. Nh5 Be5 21. Ng3 Qh4 22. Qe3 Bg4 23. f3 Bh5 24. Qg5 Bxg3 25. hxg3 Qxg5 26. Bxg5 Rd7 27. Rd2 f6 28. Bf4 Rad8 29. Red1 g5 30. Be3 Be8 31. a3 b5 32. b4 axb4 33. axb4 Na4 34. Bxa4 bxa4 35. Bb6 Rb8 36. c5 d5 37. exd5 Rxd5 38. Rxd5 cxd5 39. Rxd5 a3 40. Rd1 a2 41. Ra1 Bf7 42. Kf2 Rb7 43. Ke3 Kf8 44. Ba5 Re7+ 45. Kd2 Re5 46. c6 Ke8 47. c7 Kd7 48. Kc3 Kc8 49. f4 gxf4 50. gxf4 Re4 51. Rd1 Kb7 52. Kb2 Re2+ 53. Ka1 Be6 54. b5 Rxg2 55. Bc3 Rc2 56. Bxf6 Kxc7 57. Be5+ Kb7 58. Bb2 Rf2 59. Re1 Bc4 60. Rh1 Rxf4 61. Rxh7+ Kb6 62. Rh1 Kxb5 1/2-1/2

[Event "GER-chT Seniors 09th"]
[Site "Halle"]
[Date "2000.08.24"]
[Round "5.2"]
[White "Kaufmann, Helmut"]
[Black "Gretzer, Otmar"]
[Result "0-1"]
[WhiteElo "1718"]
[BlackElo "2040"]
[PlyCount "71"]
[EventDate "2000.08.20"]
[EventType "team"]
[EventRounds "7"]
[EventCountry "GER"]
[SourceTitle "EXT 2002"]
[Source "ChessBase"]
[SourceDate "2001.11.25"]
[SourceVersion "1"]
[SourceVersionDate "2001.11.25"]
[SourceQuality "1"]

1. d4 d5 2. Nf3 c6 3. e3 Bf5 4. Bd3 Bg6 5. 0-0 e6 6. Qe2 Nf6 7. Nbd2 Be7 8. b3 0-0 9. Ne5 c5 10. Bb2 Nc6 11. Bxg6 hxg6 12. f4 Rc8 13. Ndf3 Ne4 14. Nxc6 bxc6 15. Ne5 cxd4 16. exd4 c5 17. c3 cxd4 18. cxd4 Bb4 19. Qb5 Bd2 20. Qd3 Qe7 21. g3 Bc3 22. Qe2 Qb4 23. Rfd1 Rc7 24. Bxc3 Nxc3 25. Qe1 Rfc8 26. Rd3 Qb6 27. Nf3 a5 28. Kg2 Ne4 29. Kh3 Rc2 30. Nd2 Qb5 31. Nxe4 Qxd3 32. Nd6 Qf3 33. Qd1 Qg2+ 34. Kg4 Qxh2 35. Qh1 Qe2+ 36. Kg5 0-1

[Event "Regionalliga NW 9900"]
[Site "Bayern"]
[Date "2000.??.??"]
[Round "6.5"]
[White "Gretzer, Otmar"]
[Black "Nuernberger, Stefan"]
[Result "1-0"]
[WhiteElo "2055"]
[BlackElo "1980"]
[PlyCount "89"]
[EventDate "1999.??.??"]
[EventType "team-tourn"]
[EventRounds "9"]
[EventCountry "GER"]
[SourceTitle "EXT 2020"]
[Source "ChessBase"]
[SourceDate "2019.10.17"]
[SourceVersion "1"]
[SourceVersionDate "2019.10.17"]
[SourceQuality "1"]
[WhiteTeam "Kitzingen SC"]
[BlackTeam "Marktleuthen"]
[WhiteTeamCountry "GER"]
[BlackTeamCountry "GER"]

1. e4 c5 2. Nf3 Nc6 3. d4 cxd4 4. Nxd4 Nf6 5. Nc3 d6 6. Bb5 Bd7 7. 0-0 g6 8. Bg5 Bg7 9. Nf3 a6 10. Bxc6 Bxc6 11. Re1 h6 12. Bh4 g5 13. Bg3 Nd7 14. Nd4 Be5 15. Nf5 Bxg3 16. hxg3 Ne5 17. Qd4 Rh7 18. Rad1 Qc7 19. f4 gxf4 20. gxf4 Ng6 21. Nd5 Bxd5 22. exd5 0-0-0 23. Rd3 Kb8 24. Rc3 Qd7 25. Qb6 Rc8 26. Rxc8+ Qxc8 27. Nxe7 Qc5+ 28. Qxc5 dxc5 29. Nxg6 fxg6 30. Re6 Rg7 31. Kf2 Kc7 32. c4 Kd7 33. Kf3 Rg8 34. Ke4 b5 35. b3 bxc4 36. bxc4 a5 37. Ke5 a4 38. d6 a3 39. Re7+ Kd8 40. Kd5 Rf8 41. g3 Rf5+ 42. Re5 Rf7 43. Kxc5 Rb7 44. Kc6 Rb2 45. d7 1-0